000 00198nam a22000857a 4500
008 160701b xxu||||| |||| 00| 0 eng d
100 _91645
_a Gupta, P
245 _aThumbelina
260 _aN.D
_bM/S Arya
999 _c1364
_d1364